[Event "Plancoet op-A 10th"]
[Site "Plancoet"]
[Date "2013.07.30"]
[Round "4"]
[White "Jianu, Vlad Cristian"]
[Black "Mladenov, Plamen"]
[Result "1-0"]
[WhiteElo "2560"]
[BlackElo "2405"]
[Annotator "RR"]
[PlyCount "111"]
[EventDate "2013.07.28"]
[EventType "swiss"]
[EventRounds "9"]
[EventCountry "FRA"]
[SourceTitle "EXT 2017"]
[Source "ChessBase"]
[SourceDate "2016.10.25"]
[SourceVersion "1"]
[SourceVersionDate "2016.10.25"]
[SourceQuality "1"]
[TimeControl "40/5400+30:1800+30"]

1. Nf3 Nf6 2. c4 c5 3. g3 b6 4. Bg2 Bb7 5. O-O e6 6. Nc3 Be7 7. Re1 Ne4 (7...
d5) 8. Nxe4 (8. Qc2) 8... Bxe4 9. d3 Bb7 10. e4 d6 (10... O-O) (10... Nc6) 11.
d4 cxd4 12. Nxd4 O-O 13. b3 (13. a4 $5 a6 14. a5 $14 {Akhmetov,A (2438)
-Mirzoev,A (2438) St Petersburg White Nights 2000 (1) 0-1} (14. b3 $5 {[%cal
Ga1a2,Ga2d2]})) 13... a6 14. Ba3 (14. Bb2 Nd7 15. e5 Bxg2 16. exd6 Bxd6 17.
Kxg2 Qc7 18. Qe2 Nf6 19. Nf3 Be7 20. Nd4 Bd6 21. Nf3 Be7 22. Ne5 Bd6 23. Nd3
Be7 24. Rad1 Rfd8 25. h3 h6 26. Ne5 Rxd1 27. Rxd1 Rd8 28. Rxd8+ Bxd8 29. Qf3
Qc8 30. Qc6 Qxc6+ 31. Nxc6 {1/2-1/2 (31) Iturrizaga Bonelli,E (2649)-Bruzon
Batista,L (2691) Santo Domingo 2012}) 14... Qc7 15. Qd2 Nc6 $146 {[%cal Gc6d4,
Ge7f6]} (15... Nd7 16. Rad1 Rfd8 17. Bb4 Nc5 18. Qe3 Bf8 19. f4 Rac8 20. f5 e5
21. Ne2 a5 22. Bd2 Nxe4 23. Bxe4 d5 24. Nc3 dxe4 25. Qe2 Bc5+ 26. Be3 Bb4 27.
Nb5 Qe7 28. Rxd8+ Rxd8 29. Rd1 Bc5 30. Rxd8+ Qxd8 31. Bxc5 bxc5 32. h4 g6 33.
Qf1 e3 34. fxg6 hxg6 35. Qe2 Qd2 {0-1 (35) Guilleux,F (2397)-Terrieux,K (2360)
Pau 2008}) 16. Rad1 Nxd4 17. Qxd4 Rfd8 18. Re2 {Un fort coup multifonction qui
permet non seulement de doubler les R mais aussi d'anticiper la protection du
P après l'ouverture de la colonne "a"} b5 $1 19. cxb5 axb5 20. Bb4 $14 Bf8 21.
Red2 Rac8 22. h4 $1 {[%cal Gh4h5,Gh5h6,Gb4c3]} Qc6 23. Kh2 (23. h5 h6 (23... f5
24. h6 e5 25. Qe3 g6 (25... fxe4 26. Bh3 Rc7 27. Be6+ Kh8 28. Ba5) 26. f4 {
[%cal Gd2g2]} fxe4 27. Bh3 Bxh6 28. Be6+ Kh8 29. Bxd6 {[%cal Gd6e5]}) 24. f4)
23... f5 24. Re2 fxe4 25. Bxe4 d5 {Le centre Noir va perdre sa souplesse
après ce coup et les Noirs commencent à souffrir} 26. Bg2 (26. Bd3 {[%csl
Rh7]}) 26... Bxb4 27. Qxb4 Rc7 28. Rde1 (28. Bh3 $5) 28... Bc8 29. Bh3 $36 Qc5
30. Qxc5 Rxc5 31. Kg2 Bb7 32. Bxe6+ Kf8 33. Bg4 d4+ 34. Bf3 Bxf3+ 35. Kxf3 Rc3+
36. Kg2 b4 37. Rd2 d3 38. Kf3 Rc2 39. Rxc2 dxc2 40. Rc1 Rc8 41. Ke2 Rc3 42. Kd2
Rf3 43. Rf1 Kf7 44. Kxc2 Kf6 45. Kd2 (45. Kb2 {[%cal Ga2a3]}) 45... Kf5 46. Ke2
Rc3 47. Rd1 Ke4 48. Rd7 Rc2+ 49. Kf1 h5 50. Rb7 Rxa2 51. Rxb4+ {Les blancs ont
réussi à se débarasser de la faiblesse "a2" et le gain est assez facile à
réaliser} Kf5 52. Rb5+ Kg6 53. Rg5+ (53. Kg2 Rb2) 53... Kh6 54. b4 Rb2 55. b5
g6 56. f4 1-0

[Event "Tata Steel-A 79th"]
[Site "Wijk aan Zee"]
[Date "2017.01.24"]
[Round "9"]
[White "Nepomniachtchi, Ian"]
[Black "Harikrishna, Pentala"]
[Result "1/2-1/2"]
[WhiteElo "2767"]
[BlackElo "2766"]
[Annotator "Ramirez Alvarez,A"]
[PlyCount "157"]
[EventDate "2017.01.14"]
[EventType "tourn"]
[EventRounds "13"]
[EventCountry "NED"]
[EventCategory "21"]
[SourceTitle "CBM 177"]
[Source "ChessBase"]
[SourceDate "2017.03.16"]
[SourceVersion "1"]
[SourceVersionDate "2017.03.16"]
[SourceQuality "1"]
[TimeControl "40/6000+30:20/3000+30:900+30"]

1. Nf3 {[%emt 0:00:00]} Nf6 {[%emt 0:00:08]} 2. c4 {[%emt 0:00:00]} c5 {
[%emt 0:00:53]} 3. Nc3 {[%emt 0:00:00]} d5 {[%emt 0:00:18]} 4. cxd5 {[%emt 0:
00:00]} Nxd5 {[%emt 0:00:06]} 5. e3 {[%emt 0:00:02]} e6 {[%emt 0:01:20]} 6.
Nxd5 {[%emt 0:00:11]} (6. Bc4 Nc6 7. O-O Be7 8. d4 O-O 9. Bxd5 exd5 10. dxc5
Be6 11. b3 Bxc5 12. Bb2 Re8 13. Rc1 Bf8 14. Nd4 Nxd4 15. Qxd4 Qa5 16. Qd3 Rac8
17. Qb5 Qxb5 18. Nxb5 Rxc1 19. Rxc1 a6 20. Nd4 Rc8 21. Rxc8 Bxc8 22. Kf1 f6 23.
Ke2 Kf7 24. f3 h5 25. h4 Bc5 26. Bc3 Bxd4 27. Bxd4 Bd7 28. a4 g5 29. g3 gxh4
30. gxh4 Bh3 31. Kf2 Ke6 32. a5 Kf7 33. b4 Bd7 34. Ke2 Ke6 35. Kf2 Kf7 {
Tomashevsky,E (2724)-Svidler,P (2745) Novosibirsk 2016 1/2-1/2}) 6... exd5 {
[%emt 0:01:24]} 7. b4 $5 {[%emt 0:00:10]} c4 {[%emt 0:01:36]} 8. Bb2 {[%emt 0:
00:56]} Bxb4 {[%emt 0:07:08]} 9. Bxg7 {[%emt 0:02:23] Can't say you see this
very often!} Rg8 {[%emt 0:00:07]} 10. Be5 $146 {[%emt 0:00:03]} (10. Bb2 Nc6
11. Qc2 Rg6 12. Be2 Qe7 13. g3 Bh3 14. Nh4 O-O-O 15. a3 Ba5 16. Nxg6 fxg6 17.
Bc3 Bb6 18. d4 cxd3 19. Bxd3 Kb8 20. O-O-O Rf8 21. Rd2 Qxa3+ 22. Qb2 Qe7 23.
Kb1 Bc5 24. Ka1 Be6 25. Rb1 Rc8 26. Bf6 Qd7 27. Bb5 Bf5 28. Rc1 Qd6 29. Rc3 Ka8
30. Rd1 Bb4 31. Rb3 Qc5 32. Bd3 Be6 33. Bd4 Qa5+ 34. Kb1 Rc7 35. Rc1 Bd6 36. f4
Re7 37. Bf6 Rd7 38. Be5 Nxe5 39. Rc8+ Bb8 {Anton Guijarro,D (2626)-Salem,A 
(2615) Martuni 2015 1-0}) 10... Nc6 {[%emt 0:01:32]} 11. Bg3 {[%emt 0:00:22]}
Bf5 {[%emt 0:02:48]} 12. Be2 {[%emt 0:00:10]} Be7 {[%emt 0:04:56]} 13. O-O {
[%emt 0:00:10]} h5 {[%emt 0:00:41]} 14. d3 {[%emt 0:00:06]} h4 {[%emt 0:04:15]}
15. Bf4 {[%emt 0:00:33]} d4 {[%emt 0:14:46]} 16. exd4 {[%emt 0:02:34]} Nxd4 {
[%emt 0:04:35]} 17. dxc4 {[%emt 0:06:41]} Nxe2+ {[%emt 0:12:59]} 18. Qxe2 {
[%emt 0:03:35]} Bd3 {[%emt 0:07:00]} 19. Qe5 {[%emt 0:01:23]} Bxf1 {[%emt 0:00:
17]} 20. Rxf1 {[%emt 0:00:06]} Rc8 {[%emt 0:00:43]} 21. Re1 {[%emt 0:00:44]}
Rc6 {[%emt 0:00:46]} 22. Nd4 {[%emt 0:00:56]} Rcg6 {[%emt 0:03:16]} 23. g3 {
[%emt 0:04:16]} hxg3 {[%emt 0:10:18]} 24. hxg3 {[%emt 0:00:07]} Kf8 {[%emt 0:
01:21]} 25. Rd1 {[%emt 0:06:37]} Qd7 {[%emt 0:08:46]} 26. Rd2 {[%emt 0:02:55]}
Rf6 {[%emt 0:05:49]} 27. Qh5 {[%emt 0:03:51]} (27. Nf5 $3 Rxf5 (27... Qe8 28.
Re2 {and the pin is fatal, though Bh6+ was also good enough.}) (27... Qxf5 28.
Bh6+ Rxh6 (28... Ke8 29. Qb8+ {is mate}) 29. Qxf5 $18) 28. Bh6+ Ke8 29. Qb8+ {
picks up the queen and the game} Qd8 30. Rxd8+ Bxd8 31. Qxb7 $18) 27... a6 {
[%emt 0:07:35]} 28. Bg5 {[%emt 0:13:28]} Rd6 {[%emt 0:01:24]} 29. Bh6+ {
[%emt 0:07:28]} Ke8 {[%emt 0:00:06]} 30. Qe5 {[%emt 0:00:07]} b6 {[%emt 0:05:
18]} 31. a4 {[%emt 0:06:42]} Qb7 {[%emt 0:01:51]} 32. Bf4 {[%emt 0:03:10]} Rd7
{[%emt 0:00:08]} 33. Nf5 {[%emt 0:02:19]} Rxd2 {[%emt 0:01:48]} 34. Bxd2 {
[%emt 0:00:25]} Rg6 {[%emt 0:00:49]} 35. Bb4 {[%emt 0:00:28]} Re6 {[%emt 0:00:
29]} 36. Ng7+ {[%emt 0:00:10]} Kd7 {[%emt 0:00:04]} 37. Qd4+ {[%emt 0:00:27]}
Rd6 {[%emt 0:00:13]} 38. Bxd6 {[%emt 0:00:14]} Bxd6 {[%emt 0:00:03]} 39. Nf5 $6
{[%emt 0:00:15]} (39. Qf6 $1 {and Black can't defend the f7 pawn, this should
be good enough to win.}) 39... Qc6 {[%emt 0:00:18]} 40. Qf6 {[%emt 0:00:00]}
Bc5 $1 {[%emt 0:00:29]} 41. Qxf7+ {[%emt 0:09:01]} Kc8 {[%emt 0:00:22]} 42.
Qg8+ {[%emt 0:09:18]} Kb7 {[%emt 0:12:25]} 43. Qg7+ {[%emt 0:00:40]} Kc8 {
[%emt 0:01:42]} 44. Qh8+ {[%emt 0:01:24]} Kb7 {[%emt 0:01:05]} 45. Qh7+ {
[%emt 0:03:35]} Kb8 {[%emt 0:04:26]} 46. g4 {[%emt 0:00:33]} Qxa4 {[%emt 0:02:
45]} 47. Qh2+ {[%emt 0:01:56]} Kb7 {[%emt 0:08:35]} 48. Qf4 {[%emt 0:00:37]} a5
$1 {[%emt 0:03:40][%csl Ga5][%cal Ga5a1] Black's a-pawn is just a bouot enough
counterplay to hold the balance. The endgame is still incredibly complicated,
but with correct play Black is fine.'} 49. g5 {[%emt 0:00:35]} Qc6 {[%emt 0:00:
52]} 50. Nd4 {[%emt 0:00:07]} Qg6 {[%emt 0:04:49]} 51. Nb5 {[%emt 0:00:57]} Qg7
{[%emt 0:00:28]} 52. Kg2 {[%emt 0:01:32]} a4 {[%emt 0:01:02]} 53. Qf3+ {
[%emt 0:00:26]} Kb8 {[%emt 0:00:05]} 54. Qg3+ {[%emt 0:00:13]} Kc8 {[%emt 0:03:
58]} 55. g6 {[%emt 0:01:23]} a3 {[%emt 0:02:50]} 56. Nd6+ {[%emt 0:08:48]} Kd7
{[%emt 0:02:53]} 57. Nf5 {[%emt 0:00:26]} Qg8 {[%emt 0:00:04]} 58. g7 {[%emt 0:
04:10]} a2 {[%emt 0:00:08]} 59. Qg4 {[%emt 0:05:15]} a1=Q {[%emt 0:05:13]} 60.
Nh6+ {[%emt 0:00:00]} Qe6 {[%emt 0:01:58]} 61. Qxe6+ {[%emt 0:02:15]} Kxe6 {
[%emt 0:00:09]} 62. g8=Q+ {[%emt 0:00:03]} Kd7 {[%emt 0:00:14]} 63. Qf7+ {
[%emt 0:01:14]} Kc6 {[%emt 0:01:44]} 64. Ng4 {[%emt 0:02:54]} Qd4 {[%emt 0:00:
27]} 65. Qf5 {[%emt 0:00:23]} Bd6 {[%emt 0:00:43]} 66. Ne3 {[%emt 0:00:51]}
Qg7+ {[%emt 0:04:12]} 67. Kf1 {[%emt 0:00:16]} Bc5 {[%emt 0:01:12]} 68. Qc8+ {
[%emt 0:01:32]} Qc7 {[%emt 0:00:09]} 69. Qe6+ {[%emt 0:00:22]} Kb7 {[%emt 0:00:
34]} 70. Qe4+ {[%emt 0:01:36]} Qc6 {[%emt 0:01:17]} 71. Nd5 {[%emt 0:00:10]} b5
{[%emt 0:04:12]} 72. Qh7+ {[%emt 0:00:50]} Ka6 {[%emt 0:00:56]} 73. Qe4 {
[%emt 0:02:26]} Ka7 {[%emt 0:01:05]} 74. Qh7+ {[%emt 0:00:33]} Ka6 {[%emt 0:00:
05]} 75. Nc7+ {[%emt 0:01:04]} Ka5 {[%emt 0:00:28]} 76. Nxb5 {[%emt 0:00:08]}
Qf3 {[%emt 0:00:55]} 77. Qc2 {[%emt 0:01:21]} Kb4 {[%emt 0:01:32]} 78. Qd2+ {
[%emt 0:01:19]} Kxc4 {[%emt 0:00:32]} 79. Qe2+ {[%emt 0:00:04]} 1/2-1/2

[Event "EU-ch 12th"]
[Site "Aix les Bains"]
[Date "2011.04.02"]
[Round "11"]
[White "Jakovenko, Dmitrij"]
[Black "Parligras, Mircea Emilian"]
[Result "1-0"]
[WhiteElo "2718"]
[BlackElo "2598"]
[Annotator "Reeh,O"]
[PlyCount "73"]
[EventDate "2011.03.22"]
[EventType "swiss"]
[EventRounds "11"]
[EventCountry "FRA"]
[SourceTitle "CBM 142 Extra"]
[Source "ChessBase"]
[SourceDate "2011.06.27"]
[SourceVersion "1"]
[SourceVersionDate "2011.06.27"]
[SourceQuality "1"]

1. c4 Nf6 2. Nc3 e6 3. Nf3 Bb4 4. Qc2 O-O 5. a3 Bxc3 6. Qxc3 d6 7. e3 e5 8. d3
Nc6 9. b4 Bg4 10. Bb2 Re8 11. Be2 a6 12. h3 Bh5 13. O-O Qd7 14. Rac1 h6 15. Kh2
Nd8 16. Rg1 Ne6 17. g4 Bg6 18. Nh4 Bh7 19. Rg2 d5 20. Qxe5 dxc4 21. dxc4 Qd2
22. Bf3 Ng5 23. Qd4 Qxd4 24. Bxd4 Nxf3+ 25. Nxf3 Ne4 26. g5 h5 27. Nh4 Nd2 28.
Rd1 Nxc4 29. g6 fxg6 30. Nxg6 Rad8 31. Nf4 Ne5 32. Nxh5 Bg6 ({Hartnäckiger war
} 32... Nf3+ {was more stubborn:} 33. Kh1 (33. Kg3 Nxd4) 33... Re7 34. Nxg7 Kf8
$1 ({but not aber nicht} 34... Rxd4 $2 35. Nf5+) ({or oder} 34... Nxd4 $2 35.
Ne6+)) 33. Nxg7 $1 Nf3+ ({The alternatives are no better: Die Alternativen
sind nicht besser:} 33... Kxg7 34. Bxe5+ {and Black's Re8 is tied to its
colleague und der schwarze Re8 ist an seinen Kollegen gebunden}) ({or oder} 
33... Rxd4 {[%tqu "En","Black has uprooted the Ng7 with 33...Rxd4. How do you
react?","","","e3d4","Very good!  The pawn attacks the knight, and after 34...
Nf3+ White wins it anyway.  How?",10,"d1d4","This simply allows 34...Kxg7.",0,
"De","Schwarz hat den Ng7 mit 33...Rxd4 entwurzelt. Wie reagieren Sie?","","",
"e3d4","Sehr gut!  Der Bauer attackiert den Springer, und nach 34...Nf3+
gewinnt Weiß ihn trotzdem.   Wie?",10,"d1d4","Erlaubt einfach 34...Kxg7.",0]}
34. exd4 $1 ({not nicht} 34. Rxd4 Kxg7) ({or oder} 34. Nxe8 $4 Rxd1) 34... Nf3+
35. Kg3 {and the knight falls. und der Springer fällt.}) {[%tqu "En","What
now?","Is the continuation 34.Kg3 Nxd4 35.Nxe8 alright for White?","","h2g3",
"The king is a strong piece!  Black's knight and rook are attacked, and he
will inevitably lose material.  This is also true after the continuation 34....
Nxd4 35.Nxe8 Ne2+ or 35...Nf5+ - why?",20,"h2h1","Allows Black to bail out
with 34...Rxd4!",0,"De","Wohin soll der weiße König gehen?","Ist die
Fortsetzung 34.Kg3 Nxd4 35.Nxe8 in Ordnung für Weiß?","","h2g3","Der König ist
eine starke Figur!  Springer und Turm von Schwarz sind angegriffen, und er
verliert unweigerlich Material.  Das gilt auch für die Fortsetzung 34....Nxd4
35.Nxe8 Ne2+ oder 35...Nf5+ - warum?",20,"h2h1","Erlaubt Schwarz, sich mit 34..
.Rxd4! aus der Affäre zu ziehen.",0]} 34. Kg3 $1 {The king is a strong piece.
Der König ist eine starke Figur.} ({Deutlich schwächer wäre} 34. Kh1 $6 {
would be clearly weaker:} Rxd4 $1) 34... Re7 ({The longest line to be
calculated was Die längste Variante, die es zu berechnen galt, lautete} 34...
Nxd4 35. Nxe8 {and now neither knight check can save Black: und nun können
beide Springerschachs Schwarz nicht retten:} Nf5+ (35... Ne2+ 36. Kf3 $1) 36.
Kf4 $1 {Sticking to the knight. Bleibt am Springer dran.} Rxd1 37. Rxg6+ Kf7
38. Kxf5 {and White wins - mit Gewinn -} Rd5+ 39. Ke4) 35. Nf5 (35. Kxf3 {
was also winning: gewann ebenfalls:} Rxg7 36. Bxg7 Bh5+ 37. Kf4) 35... Bxf5 36.
Kxf3+ Kh7 37. Rg5 1-0

[Event "Reggio Emilia 9596 38th"]
[Site "Reggio Emilia"]
[Date "1996.01.04"]
[Round "7"]
[White "Chernin, Alexander"]
[Black "Dautov, Rustem"]
[Result "1-0"]
[WhiteElo "2600"]
[BlackElo "2620"]
[Annotator "Ribli,Z"]
[PlyCount "119"]
[EventDate "1995.12.28"]
[EventType "tourn"]
[EventRounds "9"]
[EventCountry "ITA"]
[EventCategory "14"]
[SourceTitle "CBM 051"]
[Source "ChessBase"]
[SourceDate "1996.04.01"]
[SourceVersion "1"]
[SourceVersionDate "1996.04.01"]
[SourceQuality "1"]

1. Nf3 Nf6 2. c4 e6 3. Nc3 Bb4 4. g3 O-O 5. Bg2 d5 6. Qb3 $5 c5 7. a3 (7. O-O
Nc6 8. d3 Bxc3 9. Qxc3 d4 10. Qa3 Qb6 11. Bf4 Re8 12. Ne5 Nh5 13. Bxc6 bxc6 14.
Bd2 a5 15. Qa4 Ra6 16. Qd1 f6 17. e4 $1 $14 {Ehlvest,J-Kortschnoj,V/Horgen CS/
1995/CBM50/}) 7... Bxc3 8. Qxc3 b6 (8... d4 $5) 9. b4 (9. O-O Bb7 (9... dxc4 $5
10. Ne5 Nd5 11. Qxc4 Ba6 12. Qe4 f5 13. Qf3 Qd6 $13 {Chernin}) 10. cxd5 Nxd5
11. Qc2 Nc6 12. b3 e5 13. Bb2 Qe7 $1 (13... Re8 14. e3 Rc8 15. Rad1 $146 (15.
Rfe1 $5 {Chernin}) 15... Ba6 16. d3 Rc7 17. Rfe1 f6 18. d4 $1 $36 {Chernin,
A-Petursson,M/San Bernardino/1991/INF52,20/}) 14. e3 Rfd8 15. d3 Rac8 $13 {
Panno,O-Zarnicki,P/Buenos Aires Najdorf/1995/CBM49/}) 9... Nbd7 10. O-O Ba6
$146 (10... Bb7 11. d3 Qe7 12. Bb2 a5 13. b5 $10 {Stean,M-Matanovic,A/Vrsac/
1979/INF28,(24)/}) 11. d3 Rc8 {Droht /\ dxc4,cxb4 ><c4.} 12. cxd5 Nxd5 (12...
exd5 13. Re1 $14 {>< d5,c5}) 13. Qb2 c4 14. dxc4 Bxc4 15. Re1 N5f6 16. Be3 Bd5
17. Bd4 Qc7 18. Bf1 (18. Rac1 Qb7 {/^ b7-g2}) 18... Qc2 19. Rac1 Qxb2 20. Bxb2
{Weiss steht mit seinem Laeuferpaar minimal besser.} Ne4 21. Red1 Nd6 (21... f5
22. Ne5 Nxe5 23. Bxe5 $14) 22. Nd2 {Droht /\ e4 und alle schwarzen Figuren
haengen auf der <->d-Linie.} f5 23. f3 $1 {/\ e4} Nf6 24. g4 $1 {[#] Dieser
kraffvolle Zug ist eine sehr unangenehme Ueberraschung fuer Schwarz.} Ba8 (
24... fxg4 $2 25. e4 {Wegen seine unvermeidbaren Drohung /\e5 gewinnt der
Anziehende eine Figur.}) 25. Be5 Rcd8 (25... Nf7 26. Bxf6 gxf6 27. gxf5 exf5
28. Bh3 Nd6 29. Nb3 $18) 26. gxf5 Nxf5 27. Nc4 Rxd1 28. Rxd1 b5 29. Nd6 Ne3 (
29... Rd8 30. e4 Nxd6 (30... Ne3 31. Rc1 Nxf1 32. Kxf1 a6 33. Rc7 $18) 31. Rxd6
Rxd6 32. Bxd6 Bc6 33. Kf2 $14) 30. Rc1 Nxf1 31. Bxf6 $1 {Sehr starker
Zwischenzug.} gxf6 32. Kxf1 a6 33. Rc7 {Schwarz ist einem schlechten Endspiel
gelandet, weil seine alle Figuren -auf der achten Reihe-sehr passiv stehen.}
Rd8 34. Nf7 Rd1+ 35. Kf2 Bd5 {Der Nachziehende aktivisiert seinen Turm und
Laeufer, aber wegen seiner schlechten Koenigstellung verliert er einen Bauern.}
36. Nh6+ Kf8 (36... Kh8 $4 37. Ng4 f5 38. Nf6 $18) 37. Ng4 f5 38. Ne3 $1 {
[#] Chernin waehlt eine sichere und sehr gute Fortsetzung.} (38. Nf6 Bc4 39.
Nxh7+ Ke8 $14 {>< e2}) 38... Ra1 39. Nxd5 exd5 {Ein Lehrbeispiel zur Theorie
der Turmendspiele, der aktive weisse Turm und die bessere Bauernstruktur
garantieren den Sieg.} 40. Rd7 $1 {[#]} (40. Rxh7 $2 Rxa3 41. Rd7 Ra4 42. Rxd5
Rxb4 43. Rxf5+ Ke7 {Schwarz verliert die Partie wegen seinen starken
Freibauern nicht.}) 40... Rxa3 41. Rxd5 Ke7 42. Rxf5 Ra4 43. Rf4 a5 44. Re4+ $1
{Der Schluesselzug.} Kd6 45. bxa5 Rxa5 (45... Rxe4 46. fxe4 b4 47. Ke3 b3 48.
Kd2 b2 49. Kc2 $18) 46. Ke3 Kc5 47. Re7 Ra3+ 48. Kf4 Ra2 49. e4 $1 {Weiss
braucht seinen h-Bauern nicht mehr.} Rxh2 {Schwarz gewinnt den Bauern zurueck,
aber seine Stellung bleibt weiterhin schwer.} 50. e5 Rh6 $2 {Verliert ein
wichtiges Tempi.} (50... b4 $5) 51. Kf5 b4 52. e6 $1 Kc6 53. Rd7 Rh5+ 54. Kf6
b3 55. Rd3 b2 56. e7 Rh6+ 57. Kf7 b1=Q 58. e8=Q+ Kc5 59. Qe5+ Kc6 60. Qe4+ {
Kommt noch einen Abzugschach und Schwarz verliert seine Dame. Ribli} 1-0

[Event "Interpolis"]
[Site "Tilburg"]
[Date "1992.10.09"]
[Round "1.2"]
[White "Georgiev, Kiril"]
[Black "Lobron, Eric"]
[Result "1/2-1/2"]
[WhiteElo "2610"]
[BlackElo "2625"]
[Annotator "Ribli,Z"]
[PlyCount "130"]
[EventDate "1992.10.08"]
[EventType "k.o."]
[EventRounds "7"]
[EventCountry "NED"]
[SourceTitle "CBM 032"]
[Source "ChessBase"]
[SourceDate "1993.02.01"]
[SourceVersion "1"]
[SourceVersionDate "1993.02.01"]
[SourceQuality "1"]

1. Nf3 Nf6 2. c4 e6 3. Nc3 Bb4 4. Qc2 c5 5. a3 Bxc3 6. Qxc3 O-O 7. b4 b6 8. g3
Bb7 9. Bg2 d6 10. O-O Nbd7 11. Bb2 Rc8 (11... Qe7 12. d3 Rfc8 13. e4 Qf8 14.
Rfe1 a6 15. Nd2 Rab8 16. d4 cxd4 17. Qxd4 b5 18. Rac1 Bc6 19. h3 Nb6 20. Qe3
Nfd7 21. Bf1 $14 {Lobron,E-Adams,M Brussels SWIFT 1992 EXP/29}) 12. d3 Rc7 (
12... Re8 13. e4 a6 14. Qb3 (14. Rab1 $5) 14... b5 15. Nd2 Rb8 16. Rac1 Ba8 17.
Qd1 $14 {Kasparov,G-Karpov,An Lyon-wch 1990 CBM/21}) 13. a4 (13. e4 $5) 13...
d5 $5 14. cxd5 exd5 15. a5 d4 16. Qd2 Re8 17. axb6 axb6 18. bxc5 bxc5 19. Rfc1
Ne5 20. Qa5 Bxf3 21. Bxf3 Nxf3+ 22. exf3 Rb7 (22... Qd6 $2 23. Bxd4 $1) 23.
Qxd8 Rxd8 24. Ba3 Nd7 25. Bxc5 Ne5 26. Rd1 g5 (26... Nxf3+ $2 27. Kg2 Ne5 28.
Bxd4 $1 $16) 27. Kg2 Rd5 28. Ra8+ Kg7 29. Bf8+ Kg6 30. f4 gxf4 31. gxf4 Nd7 32.
Be7 f6 33. Ba3 Rb3 34. Kf3 Kf5 35. Ra6 Nb6 36. Be7 Rdb5 37. Bd8 Nd5 38. Rd6 Ra3
39. Rd2 h6 40. Rd1 Rc3 $10 41. Kg3 h5 42. Kh4 Rc2 43. Kg3 h4+ 44. Kf3 Rc3 45.
Rd2 Rc1 46. h3 Ra1 47. Rb2 Rxb2 48. Rxd5+ Ke6 49. Rxd4 Rf1 50. Kg4 Rg1+ 51. Kf3
Rf1 52. Kg4 Rfxf2 53. Re4+ Kf7 54. Re7+ Kg6 55. Re6 Rg2+ 56. Kxh4 Rb4 57. Rxf6+
Kg7 58. Rf5 Kg6 59. Rg5+ Rxg5 60. Bxg5 Kf5 61. Kg3 Rd4 62. h4 Rxd3+ 63. Kf2 Rh3
64. Ke2 Rxh4 65. Bxh4 Kxf4 1/2-1/2

[Event "Interpolis"]
[Site "Tilburg"]
[Date "1992.10.08"]
[Round "1.1"]
[White "Sokolov, Ivan"]
[Black "Razuvaev, Yuri S"]
[Result "1-0"]
[WhiteElo "2625"]
[BlackElo "2565"]
[Annotator "Ribli,Z"]
[PlyCount "69"]
[EventDate "1992.10.08"]
[EventType "k.o."]
[EventRounds "7"]
[EventCountry "NED"]
[SourceTitle "CBM 032"]
[Source "ChessBase"]
[SourceDate "1993.02.01"]
[SourceVersion "1"]
[SourceVersionDate "1993.02.01"]
[SourceQuality "1"]

1. Nf3 Nf6 2. c4 e6 3. Nc3 b6 4. e4 Bb7 5. Bd3 c5 6. O-O (6. e5 Ng4 7. O-O Nc6
8. Be4 f5 9. exf6 Nxf6 10. Bxc6 Bxc6 11. d4 Bxf3 (11... cxd4 12. Nxd4 Bb7 13.
Bf4 Be7 14. Qe2 O-O 15. Bg3 Qe8 16. Rad1 Qg6 $13 {Smejkal,J-Marjanovic,S
Trnava-A 1989 CBM/12}) 12. Qxf3 cxd4 13. Nb5 Rc8 14. b3 a6 15. Nxd4 Bc5 16. Be3
O-O 17. Qe2 b5 18. cxb5 Qb6 $10 {Georgiev,Kir-Anand Manila izt 1990 49/(16)})
6... d6 7. Bc2 e5 $5 8. Nd5 Be7 9. Ne1 Nc6 10. f4 exf4 11. Nxf4 O-O 12. d3 Nd7
13. Ba4 Nde5 14. Nc2 Bg5 15. Nd5 Bxc1 16. Rxc1 Ne7 17. Nxe7+ Qxe7 $10 18. Ne3
g6 19. d4 cxd4 20. Qxd4 Rac8 21. b4 Qg5 $6 (21... Rc7 $5) 22. Rce1 h5 23. a3 h4
$6 24. h3 Qg3 25. Re2 Rc7 26. Ref2 Re7 27. Rf4 Rc8 28. Kh1 Rcc7 29. Bd1 $1 Bc6
30. Bg4 Bb7 31. b5 Nd7 32. Bxd7 $1 Rcxd7 33. Ng4 f5 34. R4f3 Qxf3 35. Nf6+ 1-0